Te conozco? [juego].

Guardado en:
Formato: Objeto Físico
Publicado: Argentina : Bontus, 2011
Materias:
Etiquetas: Agregar Etiqueta
Sin Etiquetas, Sea el primero en etiquetar este registro!
LEADER 00395nrm a22001335a 4500
001 CEM.cems017550
008 130507s2011##################0###0#####d
005 20230912093014.0
245 0 0 |a Te conozco? [juego]. 
260 |a Argentina :  |b Bontus,  |c 2011 
500 |a Juego de mesa para 3 a 10 jugadores adultos 
082 0 4 |a A3 
653 |a Juego de mesa 
859 |a CEMS  |b BIB. CEMS - Agricultura  |h A3  |i 1-5  |p A0016.99  |t Ej.1